| 000 | 01017nam a2200289 i 4500 | ||
|---|---|---|---|
| 001 | 000039185 | ||
| 003 | DO-SdBNP | ||
| 005 | 20240805113317.0 | ||
| 007 | ta | ||
| 008 | 130606s2009 dr r 000 0 spa d | ||
| 020 | _a9789945409031 | ||
| 040 |
_aDO-SdBNP _bspa _cBNPHU _erda |
||
| 082 | 4 |
_a467.97293 _bG633d _222 |
|
| 100 | 1 |
_aGómez Marín, Lucy, _965379 _eautor |
|
| 245 | 1 | 0 |
_aDominicanismos : _bdiccionario para entender al dominicano / _cLucy Gómez Marín. |
| 264 | 1 |
_aSanto Domingo : _bConadex, _c2009. |
|
| 300 |
_a172 páginas ; _c22 cm. |
||
| 336 |
_2rdacontent _atexto _btxt |
||
| 337 |
_2rdamedia _asin mediación _bn |
||
| 338 |
_2rdacarrier _avolumen _bnc |
||
| 500 | _aIncluye datos biográficos de la autor en la contracubierta | ||
| 500 | _aUna recopilación de palabras, frases y expresiones que ddefinen la idiosincrasia del dominicano | ||
| 590 | _aInventariado, 2024/BT | ||
| 650 | 4 |
_aDominicanismos _xDiccionarios _919997 |
|
| 910 | _aValidado. Control de calidad MFF | ||
| 942 |
_2ddc _cLBS1 |
||
| 999 |
_c38675 _d38675 |
||